Dilthey-Jahrbuch fur Philosophie und Geschichte der Geisteswissenschaften; Bd. 10

Библиографические подробности
Язык:немецкий
Опубликовано: Gottingen, Vandenhoeck und Ruprecht, 1996
Предметы:
Формат: Книга
Запись в KOHA:https://koha.lib.tpu.ru/cgi-bin/koha/opac-detail.pl?biblionumber=5072

MARC

LEADER 00000nam0a2200000 4500
001 5072
005 20231030175338.0
010 |a 3525303645 
035 |a (RuTPU)RU\TPU\book\5099 
035 |a BOOK00005146 
090 |a 5072 
100 |a 20011209d1996 k y0gery50 ba 
101 0 |a ger 
102 |a DE 
105 |a y z 000zy 
200 1 |a Dilthey-Jahrbuch fur Philosophie und Geschichte der Geisteswissenschaften  |h Bd. 10 
210 |a Gottingen  |c Vandenhoeck und Ruprecht  |d 1996 
215 |a 292 p. 
610 1 |a философия 
610 1 |a немецкая философия 
610 1 |a история 
686 |a Ю3(4Г)  |v LBC/SL-A  |2 rubbk 
801 0 |a RU  |b 63413507  |c 20011209  |g PSBO 
801 2 |a RU  |b 63413507  |c 20070312  |g PSBO 
942 |c BK